LEADER 01346nam a2200277 4500 001 000000361858 003 CaOOAMICUS 005 20250227100238.0 008 250226s1980 it 000 u ita r 040 $aSeMil$bita 240 00$aSociobiology and human nature.$0(OLS)http://semarc/title/452669 245 00$aSociobiologia e natura umana :$buna discussione interdisciplinare /$c[Relazioni di] Kenneth E. Boulding ... [et al.] ; con un saggio introduttivo di Luciano Gallino. 264 1$aTorino :$bEinaudi,$c1980. 300 $aXLVI, 166 p. ;$c19 cm 490 1 $aNuovo politecnico ;$v119 650 4$aPsicologia sociale.$0(OLS)http://semarc/subject/627 650 4$aAnimali - Comportamento.$0(OLS)http://semarc/subject/13665 700 1 $aGallino, Luciano,$d<1927-2015>.$0(OLS)http://semarc/name/3492 700 1 $aBoulding, Kenneth Ewart,$d<1910-1993>.$0(OLS)http://semarc/name/81367 830 0$aNuovo politecnico ;$v119.$0(OLS)http://semarc/title/6899 850 $aSeMil 852 $aSeMil$W1$xVenegono$y1$m2G I 9$j254776$B252800$CSeMilBibl$Z2$F252800 $81 961 $aBuzzi mons. Franco - Omaggio 996 $6245$aSociobiologia e natura umana :$buna discussione interdisciplinare$9(OLS)http://semarc/title/452670 996 $6264$aTorino :$bEinaudi$9(OLS)http://semarc/publisher/29884 LEADER 01386nam a2200241 i 4500 001 000000026537 003 CaOOAMICUS 005 20220530120256.0 008 180830s1952 it u000 u ita u 040 $aSeMil$bita 100 1 $aShakespeare, William,$d<1564-1616>.$0(OLS)http://semarc/name/1186 245 10$aStorie inglesi /$cWilliam Shakespeare. 264 1$aMilano :$bRizzoli,$c1952. 300 $av. ;$c16 cm. 650 4$aShakespeare, William <1564-1616> - Opere.$0(OLS)http://semarc/subject/3624 774 0 $aShakespeare, William <1564-1616>$tTragedia di re Riccardo 3..$dMilano : Rizzoli, 1956.$kBiblioteca Universale Rizzoli$g6$w()212192 774 0 $aShakespeare, William <1564-1616>$tTragedia di re Riccardo 2..$dMilano : Rizzoli, 1953.$kBiblioteca Universale Rizzoli$g2$w()212193 774 0 $aShakespeare, William <1564-1616>$tCronaca di re Enrico 5..$dMilano : Rizzoli, 1955.$kBiblioteca Universale Rizzoli$g4$w()212194 774 0 $aShakespeare, William <1564-1616>$tStoria di re Enrico 4..$dMilano : Rizzoli, 1954.$kBiblioteca Universale Rizzoli$g3$w()212195 774 0 $aShakespeare, William <1564-1616>$tVita e la morte di re Giovanni.$dMilano : Rizzoli, 1952.$kBiblioteca Universale Rizzoli$g1$w()212197 996 $6245$aStorie inglesi$9(OLS)http://semarc/title/35828 996 $6264$aMilano :$bRizzoli$9(OLS)http://semarc/publisher/29824